00845nam a2200241Ia 4500001000700000003000500007008004100012010001100053040000900064082001400073111009000087245007600177260006000253300001100313503001000324504002700334650003300361650001600394650001200410650001600422700007300438711009200511Z_6066CHAP220113s1995 xx 000 0 und d a169296 cCHAP a632.9 S46 aSeminario Internacional de Parasitología Animal (3: octurbre 1995: Acapulco, Mex.) aResistencia y control en garrapatas y moscas de importancia veterinaria aMéxico :bSAGAR, CANIFARMA, FAO, IICA, INIFAP,c1995 a174 p. aej.1: aIncluye Bibliografía aControl de plagasxCongreso  aGarrapatas  aMoscas  aPlaguisidas aI. Rodriguez Camarillo, Sergio, ed. II. Fragoso Sánchez, Hugo, ed. aI. Seminario Internacional de Parasitología Animal (3: octurbre 1995: Acapulco, Mex.)